000
00283nam a22001217a 4500
040
_c
HS
082
_a
633
100
_a
សួស ចំណាន
245
_a
Drying and storage of grains and oilseeds
260
_a
NA
_b
សួស ចំណាន
_c
NA
300
_a
184p.
942
_c
EK
999
_c
8763
_d
8763